000 00259nam a2200097Ia 4500
001 833034
005 20250826172407.0
008 250824s9999 xx 000 0 und d
245 0 _aTÜRK DIŞ POLİTİKASI TARİHİ
_cFAHİR ARMAOĞLU
260 _bKRONİK YAYINLARI
999 _c833034
_d833034